Molecular movements and chemical reactivity as conditioned by membranes enzymes and other macromolecules:XVIth solvary conference (Record no. 30593)

MARC details
000 -LEADER
fixed length control field 00431nam a2200133Ia 4500
082 ## - DEWEY DECIMAL CLASSIFICATION NUMBER
Classification number 577(06)
Item number LEF
100 ## - MAIN ENTRY--AUTHOR NAME
Personal name GOLDBETER, A
245 #0 - TITLE STATEMENT
Title Molecular movements and chemical reactivity as conditioned by membranes enzymes and other macromolecules:XVIth solvary conference
260 ## - PUBLICATION, DISTRIBUTION, ETC. (IMPRINT)
Place of publication New York
Name of publisher Wiley
Year of publication 1978
650 ## - SUBJECT ADDED ENTRY--TOPICAL TERM
Topical Term Molecular biology
700 ## - ADDED ENTRY--PERSONAL NAME
Personal name LEFEVER, R
942 ## - ADDED ENTRY ELEMENTS (KOHA)
Koha item type Books
Holdings
Withdrawn status Lost status Damaged status Not for loan Home library Current library Date acquired Full call number Accession Number Koha item type
        RRII Library RRII Library 16/12/2021 577(06) LEF 11164 Books